00848nam a2200205 a 450000100100000000500170001000800410002704000250006808200150009324501600010826000350026830000290030370000290033270000280036170000360038970000270042571000600045295201130051299900170062500004073920201002034338.0130905s2012 ag c 000 0 spa d aDO-SdBNPbspacBNPHU axxxxbxxxx00aPlan de acción conjunto 2013-2015 para acelerar el desarrollo de la infraestructura de datos espaciales de las américas /cSantiago Borrero... [et.al]. aBuenos Aires, :bIPGHI,c2012. a34 p. :bretr. ;c28 cm.1 aBorrero, Santiago9671431 aBrunini, Claudio9671441 aSouto Fortes, Luiz Paulo9671451 aPraag, Eric van9671462 aInstituto Panamericano de Geografía e Historia942637 001050718MOaGRbGRcCTd2013-09-05iLF1l0oxxxx xxxxp40739-10r2020-06-25w2020-06-25y1ZNo se presta c40229d40229